Audiovisual - Diego - Statistics

General Stats
  • This quiz has been taken 9 times
    7 since last reset
  • The average score is 35 of 43
Answer Stats
Question Answer % Correct
¿Qué es un dolly zoom? Combinación de travelling y cambio de focal
100%
¿Qué es el raccord de acción? Continuidad de un movimiento entre dos planos
100%
¿Qué montaje rompe la lógica espacio-temporal? Discontinuo
100%
¿Qué se logra con un plano nadir? Exagerar la dominancia del personaje
100%
¿Qué genera el movimiento traveling? Fluidez y acompañamiento del personaje
100%
¿Qué plano se usa para ubicar geográficamente al espectador? Gran plano general
100%
¿Cuál de estos tipos de luz crea sombras duras y contraste fuerte? Luz dura
100%
¿Cuál es la función de la ley de los 180°? Mantener la continuidad espacial
100%
¿Qué indica un raccord de dirección mal hecho? Movimiento incoherente entre planos
100%
¿Cuál es la característica del plano escorzo? Personaje de espaldas y otro de frente en el mismo encuadre
100%
¿Cuál es la función del storyboard? Planificar visualmente las escenas
100%
¿Cuál es la unidad básica del lenguaje audiovisual? Plano
100%
¿Qué plano se usa típicamente en westerns? Plano americano
100%
¿Qué plano se utiliza para destacar un objeto o parte del cuerpo? Plano detalle
100%
¿Qué plano se utiliza para mostrar objetos pequeños con importancia dramática? Plano detalle
100%
¿Qué plano muestra al personaje de la cabeza a la cintura? Plano medio
100%
¿Cuál de estos no es un raccord principal? Raccord de vestuario
100%
¿Qué es la regla de los tercios? Reglas compositivas para posicionar elementos visuales
100%
¿Qué hace la velocidad de obturación? Regula cuánto tiempo entra luz a la cámara
100%
¿Qué caracteriza el montaje rítmico? Ritmo visual según contenido interno del plano
100%
¿Qué es una elipsis? Salto temporal omitiendo una acción
100%
¿Qué se considera sonido diegético? Sonido dentro del mundo narrativo
100%
¿Qué define una imagen estilizada? Usa recursos artificiales para enfatizar atmósferas y emociones
100%
¿Qué representa un plano cenital? Vista perpendicular desde arriba
100%
¿Qué transmite el uso de planos picados y colores fríos? Vulnerabilidad y distanciamiento
100%
¿Qué es un plano aberrante? Cámara inclinada para transmitir desequilibrio
67%
¿Qué tipo de montaje yuxtapone ideas abstractas? Ideológico
67%
¿Qué significa clave baja en iluminación? Iluminación con fuerte contraste y sombras marcadas
67%
¿Qué se rompe si los personajes miran en la misma dirección en un plano/contraplano? Ley de los 180°
67%
¿Cuál es la función principal de la composición visual? Organizar visualmente para transmitir un mensaje
67%
¿Qué caracteriza al plano subjetivo? Perspectiva de un personaje
67%
¿Qué plano muestra al personaje de rodillas hacia arriba? Plano americano
67%
¿Qué plano muestra una figura humana entera de pies a cabeza? Plano entero
67%
Qué plano se usa para generar cercanía emocional intensa con un personaje? Primerísimo primer plano
67%
¿Qué significa luz bicolor? Que alterna luces cálidas y frías
67%
¿Qué función cumple el contraluz? Separar al sujeto del fondo
67%
¿Qué es un plano voyeur? Se ve a través de un objeto
67%
¿Qué es un plano conjunto? Varias figuras encuadradas de cuerpo entero
67%
¿Qué tipo de luz se asocia a la comedia romántica? Clave alta
33%
¿Qué técnica permite representar el tiempo posterior? Elipsis
33%
¿Qué es una composición según selección? Encadre que parte de la realidad y se recorta según el autor
33%
¿Qué permite una distancia focal corta? Más profundidad de campo
33%
¿Qué produce una luz lateral? Volumen y dramatismo
33%
No matching quizzes found
Score Distribution
Percent of People with Each Score
Percentile by Number Answered
Your Score History
You have not taken this quiz since the last reset